000 00304nam a22001337a 4500
008 170210b xxu||||| |||| 00| 0 eng d
020 _a0721682812
041 _aeng
080 _226TH
_a61
100 _a4
101 _aSHM
245 _aDORLAND'S POCKET MEDICAL DICTIONARY
_cNOVAK, P.D
942 _2udc
_cBK
999 _c5149
_d5149